[Event "Krapina op 9th"]
[Site "Krapina"]
[Date "2019.01.20"]
[Round "6"]
[White "Spoljar, Krunoslav"]
[Black "Tretinjak, Dario"]
[Result "1/2-1/2"]
[WhiteElo "1740"]
[BlackElo "1868"]
[PlyCount "28"]
[EventDate "2019.01.17"]
[EventType "swiss"]
[EventRounds "7"]
[EventCountry "CRO"]
[SourceTitle "CBM 188 Extra"]
[Source "ChessBase"]
[SourceDate "2019.02.26"]
[SourceVersion "1"]
[SourceVersionDate "2019.02.26"]
[SourceQuality "1"]

1. d4 Nf6 2. c4 e6 3. Nc3 d5 4. Nf3 Be7 5. e3 0-0 6. Bd3 b6 7. cxd5 Nxd5 8. Qc2 g6 9. Nxd5 exd5 10. b3 Bb7 11. 0-0 Nd7 12. Bb2 Bf6 13. Rac1 Rc8 14. Qe2 a5 1/2-1/2

[Event "Krapina op 9th"]
[Site "Krapina"]
[Date "2019.01.19"]
[Round "5"]
[White "Tretinjak, Dario"]
[Black "Spiljak, Stjepan"]
[Result "1-0"]
[WhiteElo "1868"]
[BlackElo "1611"]
[PlyCount "153"]
[EventDate "2019.01.17"]
[EventType "swiss"]
[EventRounds "7"]
[EventCountry "CRO"]
[SourceTitle "CBM 188 Extra"]
[Source "ChessBase"]
[SourceDate "2019.02.26"]
[SourceVersion "1"]
[SourceVersionDate "2019.02.26"]
[SourceQuality "1"]

1. d4 g6 2. c4 Bg7 3. e4 d6 4. Nc3 c6 5. Nf3 Nf6 6. Be2 0-0 7. 0-0 a6 8. Qc2 b5 9. cxb5 cxb5 10. a3 e6 11. Bg5 Qc7 12. Rac1 Nbd7 13. Qd2 Qb7 14. Bd3 Nb6 15. Qf4 Nh5 16. Qxd6 Nc4 17. Bxc4 bxc4 18. Qb4 Qc7 19. Ne2 Qc6 20. Nd2 h6 21. Be3 Nf6 22. Rxc4 Qd7 23. Qc3 a5 24. Rc7 Qb5 25. Ng3 Rb8 26. b3 Bb7 27. Rc5 Qd7 28. Qxa5 h5 29. Ne2 Nxe4 30. Nxe4 Bxe4 31. Qc3 Bd5 32. b4 Ra8 33. Nf4 Bb7 34. Rc7 Qb5 35. Rc1 e5 36. Rc5 Qa6 37. dxe5 Qxa3 38. Qxa3 Rxa3 39. b5 Re8 40. e6 Be4 41. exf7+ Kxf7 42. Rc7+ Kg8 43. h3 Rb3 44. b6 Be5 45. Ra7 Bxf4 46. Bxf4 Rxb6 47. Rcc7 g5 48. Rg7+ Kh8 49. Rxg5 Rg6 50. Rxh5+ Kg8 51. Rg5 Rxg5 52. Bxg5 Re6 53. f3 Bd5 54. Kf2 Rg6 55. h4 Rc6 56. Rd7 Rc2+ 57. Kg3 Bc6 58. Re7 Bd5 59. Ra7 Be6 60. Re7 Bd5 61. h5 Bf7 62. h6 Rc5 63. Kh4 Rc4+ 64. g4 Rc8 65. h7+ Kg7 66. Bf4 Rf8 67. Bh6+ Kxh6 68. Rxf7 Rh8 69. f4 Kg6 70. Rc7 Rd8 71. f5+ Kf6 72. Kh5 Rb8 73. Kh6 Rd8 74. Rc6+ Kf7 75. g5 Rd1 76. Rc7+ Kf8 77. h8R# 1-0

[Event "Krapina op"]
[Site "Krapina"]
[Date "2011.07.06"]
[Round "4"]
[White "Mesar, Darko"]
[Black "Tretinjak, Dario"]
[Result "1-0"]
[WhiteElo "1973"]
[BlackElo "1824"]
[PlyCount "35"]
[EventDate "2011.06.29"]
[EventType "swiss"]
[EventRounds "9"]
[EventCountry "CRO"]
[SourceTitle "EXT 2012"]
[Source "ChessBase"]
[SourceDate "2011.11.24"]
[SourceVersion "1"]
[SourceVersionDate "2011.11.24"]
[SourceQuality "1"]

1. e4 e5 2. Nf3 Nf6 3. Nxe5 d6 4. Nf3 Nxe4 5. d4 d5 6. Bd3 Bf5 7. 0-0 Be7 8. Re1 0-0 9. Nbd2 Nd6 10. Nf1 Bxd3 11. Qxd3 Ne4 12. Ne3 Nc6 13. Nxd5 Qxd5 14. Rxe4 Nb4 15. Qe2 Bd6 16. c4 Qh5 17. c5 f5 18. Rh4 1-0

[Event "Krapina op"]
[Site "Krapina"]
[Date "2011.07.01"]
[Round "2"]
[White "Tretinjak, Dario"]
[Black "Turk, Karlo"]
[Result "0-1"]
[WhiteElo "1824"]
[BlackElo "2027"]
[PlyCount "96"]
[EventDate "2011.06.29"]
[EventType "swiss"]
[EventRounds "9"]
[EventCountry "CRO"]
[SourceTitle "EXT 2012"]
[Source "ChessBase"]
[SourceDate "2011.11.24"]
[SourceVersion "1"]
[SourceVersionDate "2011.11.24"]
[SourceQuality "1"]

1. d4 Nf6 2. c4 e6 3. Nf3 Bb4+ 4. Bd2 Bxd2+ 5. Nbxd2 b6 6. g3 Bb7 7. Bg2 0-0 8. 0-0 d6 9. Re1 Nbd7 10. e4 e5 11. d5 Ng4 12. Nh4 Nh6 13. Bh3 Bc8 14. Nf5 Nxf5 15. Bxf5 g6 16. Bh3 Nc5 17. Bxc8 Qxc8 18. Nf3 f5 19. exf5 Qxf5 20. b4 Qxf3 21. Qxf3 Rxf3 22. bxc5 bxc5 23. Rab1 Rc3 24. Re4 Ra3 25. Rb2 a5 26. Re3 Ra4 27. Re4 Rb4 28. Rbe2 a4 29. f4 exf4 30. Rxf4 Rf8 31. Rfe4 a3 32. R2e3 Rb1+ 33. Kg2 Rb2+ 34. Re2 Rfb8 35. Kf3 Rxe2 36. Rxe2 Rb2 37. Re8+ Kf7 38. Ra8 Rxa2 39. Ke3 Kf6 40. Kd3 h5 41. Kc3 Rxh2 42. Rxa3 Rg2 43. Ra7 Rxg3+ 44. Kd2 h4 45. Rxc7 g5 46. Rd7 Ke5 47. Re7+ Kd4 48. Re6 h3 0-1